000 00472nam a2200205Ia 4500
003 OSt
005 20230421092716.0
008 210423s2006 xx 000 0 und d
020 _a415401763
040 _cAL
041 _aeng
082 _a296 NEUJ
100 _aNEUSNER (Jacob).
_991268
245 _aJudaism the basics.
260 _aLondon
_bRoutledge
_c2006
300 _axii,198
_bPB
365 _b295
_cINR
906 _abasics. ; Judaism
942 _2ddc
_cBK
999 _c160411
_d160411